German Inventions - Statistics

General Stats
  • This quiz has been taken 30,252 times
  • The average score is 11 of 20
Answer Stats
Clue Answer % Correct
Karl Benz's invention Automobile
85%
The furthest planet in the solar system Neptune
77%
Place to grow bacteria {Petri} Dish
77%
Way to see inside the body X-Ray
77%
Place to store your 5 year old Kindergarten
71%
Addictive derivative of coca leaves Cocaine
70%
Einstein's theory of space-time Relativity
67%
Fahrenheit's invention Thermometer
66%
Hovering aircraft Helicopter
57%
Workers of the world, unite! Communism
56%
Pain reliever synthesized by Bayer Aspirin
52%
Closest relatives of Homo sapiens Neanderthals
52%
Tannenbaum Christmas Tree
51%
Addictive pain relief medication Morphine
50%
Branch of mathematics simultaneously invented by Newton and Leibniz Calculus
48%
Polka instrument with bellows Accordion
43%
Springtime holiday mascot Easter Bunny
42%
Rigid dirigible Zeppelin
39%
Ursine candy Gummy Bear
29%
Magnetic way to record sound Tape Recorder
25%
No matching quizzes found
Score Distribution
Percent of People with Each Score
Percentile by Number Answered
Your Score History
You have not taken this quiz